[Event "Campeonato de Aragon por Equipos 2025 - "]
[Site "?"]
[Date "2025.03.22"]
[Round "9.67"]
[White "Gomez Calomarde, Saul"]
[Black "Fernandez Rubio, Rafael"]
[Result "1-0"]
[WhiteElo "2075"]
[BlackElo "2048"]
[PlyCount "109"]
[GameId "2166500347650768"]
[EventDate "2025.01.25"]
[WhiteTeam "Teruel B"]
[BlackTeam "Tauste"]

1. Nf3 d5 2. e3 Nf6 3. c4 e6 4. b3 c5 5. Bb2 Be7 6. Be2 O-O 7. cxd5 exd5 8. O-O b6 9. d4 Nc6 10. Nc3 Bb7 11. dxc5 Bxc5 12. Na4 Be7 13. Rc1 Rc8 14. Nd4 Nxd4 15. Qxd4 Qd7 16. h3 Rxc1 17. Rxc1 Rc8 18. Rd1 Rd8 19. Bf3 h6 20. Nc3 Qf5 21. Nb5 Bc5 22. Qc3 a6 23. Nd4 Qg5 24. Ne2 Re8 25. Nf4 Ba8 26. Nxd5 Kh8 27. Qxf6 gxf6 28. Bxf6+ Qxf6 29. Nxf6 Bxf3 30. gxf3 Rc8 31. Rc1 Rd8 32. Ne4 Rd5 33. f4 f5 34. Nxc5 bxc5 35. Rc4 Kg7 36. Ra4 Rd6 37. Ra5 Rc6 38. Kg2 Kg6 39. Ra4 Rd6 40. Rc4 Rd5 41. Rc2 Kh5 42. f3 Kh4 43. e4 Rd4 44. Re2 c4 45. bxc4 Rxc4 46. e5 Rc7 47. e6 Re7 48. a4 a5 49. Re5 h5 50. Kf2 Kxh3 51. Rxf5 h4 52. Re5 Kh2 53. f5 h3 54. f6 Rc7 55. e7 1-0

[Event "Campeonato de Aragon por Equipos 2025 - "]
[Site "?"]
[Date "2025.03.22"]
[Round "9.68"]
[White "Sancho Casale, Jesus"]
[Black "Romo Ramirez, Antonio"]
[Result "0-1"]
[WhiteElo "1923"]
[BlackElo "1986"]
[PlyCount "94"]
[GameId "2166500347699921"]
[EventDate "2025.01.25"]
[WhiteTeam "Tauste"]
[BlackTeam "Teruel B"]

1. e4 c6 2. d4 g6 3. Nf3 Bg7 4. Nc3 d6 5. Be3 Nf6 6. Qd2 b5 7. a3 a6 8. Bh6 O-O 9. Be2 Nbd7 10. e5 Ne8 11. Bxg7 Nxg7 12. Ne4 dxe5 13. dxe5 Qc7 14. e6 Nxe6 15. h4 Qf4 16. Qd3 Ne5 17. Nxe5 Qxe5 18. O-O-O Nf4 19. Qf3 h5 20. g3 Nxe2+ 21. Qxe2 Bf5 22. Nc3 Qxe2 23. Nxe2 Bg4 24. Rd2 Rad8 25. Nd4 Rd6 26. Re1 Rfd8 27. Nb3 Rxd2 28. Nxd2 Kf8 29. b4 f6 30. Ne4 Kf7 31. Nc5 e5 32. Kb2 Bf5 33. Re2 Bc8 34. Ne4 Rd5 35. Kc3 Bf5 36. Nc5 a5 37. Rd2 axb4+ 38. axb4 Rxd2 39. Kxd2 Ke7 40. f3 Kd6 41. Ne4+ Bxe4 42. fxe4 Ke6 43. Ke3 f5 44. Kf3 fxe4+ 45. Kxe4 Kf6 46. Ke3 Kf5 47. Kf3 e4+ 0-1

[Event "Campeonato de Aragon por Equipos 2025 - "]
[Site "?"]
[Date "2025.03.22"]
[Round "9.69"]
[White "Abancens Fernandez, Bernardo"]
[Black "San Lazaro Lorente, David"]
[Result "0-1"]
[WhiteElo "1862"]
[BlackElo "1825"]
[PlyCount "54"]
[GameId "2166500347744978"]
[EventDate "2025.01.25"]
[WhiteTeam "Teruel B"]
[BlackTeam "Tauste"]

1. b3 e5 2. Bb2 Nc6 3. c4 Nf6 4. Nf3 d6 5. Nc3 g6 6. g3 Bg7 7. Bg2 O-O 8. O-O Re8 9. Rc1 Bf5 10. Nh4 Be6 11. Nd5 Bxd5 12. cxd5 Nb4 13. e4 Nxa2 14. Rc4 b5 15. Rc6 Nb4 16. Rc3 a5 17. Qe2 Qb8 18. Ra1 Qb6 19. Ba3 Reb8 20. h3 Na6 21. Bb2 Nc5 22. b4 axb4 23. Rxa8 Rxa8 24. Rc2 b3 25. Rc1 Ra2 26. Rb1 Na4 27. Qd1 Rxb2 0-1

[Event "Campeonato de Aragon por Equipos 2025 - "]
[Site "?"]
[Date "2025.03.22"]
[Round "9.70"]
[White "Solanas Esteban, Hector"]
[Black "Barcena Laguia, Francisco"]
[Result "0-1"]
[WhiteElo "1793"]
[BlackElo "1859"]
[PlyCount "80"]
[GameId "2166500347781843"]
[EventDate "2025.01.25"]
[WhiteTeam "Tauste"]
[BlackTeam "Teruel B"]

1. d4 e6 2. c4 b6 3. Nc3 Bb4 4. e4 Bb7 5. Bd3 f5 6. Qc2 Bxc3+ 7. bxc3 Qh4 8. d5 fxe4 9. Bxe4 Nf6 10. Bf3 Qxc4 11. dxe6 Qxe6+ 12. Ne2 Bxf3 13. gxf3 Nc6 14. Bb2 Qd5 15. Rg1 Ne5 16. Nd4 Nxf3+ 17. Nxf3 Qxf3 18. Rg3 Qh1+ 19. Kd2 Qd5+ 20. Rd3 Ne4+ 21. Ke3 Qf5 22. Rd4 d5 23. f3 O-O 24. Qg2 Nc5 25. c4 Rae8+ 26. Kd2 dxc4 27. Rg1 Rf7 28. Rg4 Rd7+ 29. Bd4 Qd3+ 30. Kc1 g6 31. Rd1 Qf5 32. Rg5 Nd3+ 33. Kb1 Ne1+ 34. Rxf5 Nxg2 35. Rg5 c5 36. Rxg2 cxd4 37. Kc2 b5 38. Rg4 Re2+ 39. Rd2 d3+ 40. Kd1 Rde7 0-1

[Event "Campeonato de Aragon por Equipos 2025 - "]
[Site "?"]
[Date "2025.03.29"]
[Round "10.1"]
[White "Adla, Diego"]
[Black "Forcen Esteban, Daniel"]
[Result "0-1"]
[WhiteElo "2390"]
[BlackElo "2541"]
[PlyCount "72"]
[GameId "2166500347876052"]
[EventDate "2025.01.25"]
[WhiteTeam "MyInvestor Casablanca A"]
[BlackTeam "Jaime Casas"]

1. e4 Nf6 2. e5 Nd5 3. d4 d6 4. c4 Nb6 5. exd6 cxd6 6. Nc3 g6 7. Be3 Bg7 8. Rc1 O-O 9. b3 d5 10. c5 Nc6 11. cxb6 e5 12. Nce2 exd4 13. Nxd4 Bxd4 14. Bxd4 Re8+ 15. Be2 Nxd4 16. Qxd4 Qg5 17. Kd1 Re4 18. Qc3 axb6 19. g3 d4 20. Qd2 Qf6 21. f4 d3 22. Bf3 Re8 23. h4 Qe7 24. a4 Be6 25. Ke1 Bxb3+ 26. Kf1 Qd7 27. Rh2 Rxa4 28. Re1 Bc4 29. Rxe8+ Qxe8 30. Rf2 Ra2 31. Qc3 d2+ 32. Qxc4 Qe1+ 33. Kg2 d1=Q 34. Qxa2 Qxg1+ 35. Kh3 Qd7+ 36. g4 h5 0-1

[Event "Campeonato de Aragon por Equipos 2025 - "]
[Site "?"]
[Date "2025.03.29"]
[Round "10.2"]
[White "Antoli Royo, Joaquin Miguel"]
[Black "Glavina, Pablo"]
[Result "0-1"]
[WhiteElo "2411"]
[BlackElo "2359"]
[PlyCount "60"]
[GameId "2166500347912917"]
[EventDate "2025.01.25"]
[WhiteTeam "Jaime Casas"]
[BlackTeam "MyInvestor Casablanca A"]

1. e4 e5 2. Nc3 Nf6 3. f4 d5 4. fxe5 Nxe4 5. Qf3 f5 6. d3 Nxc3 7. bxc3 d4 8. Qg3 Nc6 9. Be2 Qd5 10. Bf4 Be6 11. Bf3 Qc5 12. Ne2 O-O-O 13. Rb1 Bxa2 14. Rb2 Bd5 15. c4 Bxf3 16. Qxf3 Nb4 17. O-O Qc6 18. Qh3 Bc5 19. Qxf5+ Kb8 20. Ng3 h6 21. Re1 a5 22. e6 Rde8 23. Ne4 Rxe6 24. Ra1 Rxe4 25. dxe4 Rf8 26. Qe5 d3+ 27. Kh1 dxc2 28. Rb3 g5 29. Bd2 Rd8 30. Qc3 Bd4 0-1

[Event "Campeonato de Aragon por Equipos 2025 - "]
[Site "?"]
[Date "2025.03.29"]
[Round "10.3"]
[White "Quintin Navarro, Alberto"]
[Black "Ramiro Ovejero, Juan Luis"]
[Result "1/2-1/2"]
[WhiteElo "2350"]
[BlackElo "2315"]
[PlyCount "78"]
[GameId "2166500347953878"]
[EventDate "2025.01.25"]
[WhiteTeam "MyInvestor Casablanca A"]
[BlackTeam "Jaime Casas"]

1. e4 e5 2. Nf3 Nc6 3. Bb5 a6 4. Ba4 Nf6 5. O-O Be7 6. Re1 b5 7. Bb3 d6 8. c3 O-O 9. h3 Na5 10. Bc2 c5 11. d4 Qc7 12. Nbd2 Bd7 13. Nf1 Rfc8 14. d5 c4 15. Ng3 Nb7 16. Bg5 Qd8 17. Qd2 Nc5 18. Be3 g6 19. Nh2 h5 20. Bg5 Nh7 21. Bxe7 Qxe7 22. f4 exf4 23. Qxf4 Qe5 24. Qxe5 dxe5 25. Nf3 f6 26. Nf1 Nb7 27. Ne3 Nd6 28. g4 hxg4 29. hxg4 Kg7 30. Kg2 Ng5 31. Nd2 Rab8 32. a3 Rh8 33. Rh1 Rxh1 34. Rxh1 a5 35. Kg3 a4 36. Rh2 Rf8 37. Rf2 Rh8 38. Rh2 Rf8 39. Rf2 Rh8 1/2-1/2

[Event "Campeonato de Aragon por Equipos 2025 - "]
[Site "?"]
[Date "2025.03.29"]
[Round "10.4"]
[White "Newrkla, Katharina"]
[Black "Vela Frago, Alberto"]
[Result "1/2-1/2"]
[WhiteElo "2219"]
[BlackElo "2256"]
[PlyCount "173"]
[GameId "2166500348007127"]
[EventDate "2025.01.25"]
[WhiteTeam "Jaime Casas"]
[BlackTeam "MyInvestor Casablanca A"]

1. e4 e5 2. Nf3 Nc6 3. Bb5 a6 4. Ba4 b5 5. Bb3 Na5 6. Nxe5 Nxb3 7. axb3 Qg5 8. Nf3 Qxg2 9. Rg1 Qh3 10. Rg3 Qe6 11. Nc3 Bb7 12. Ng5 Qe7 13. Qe2 h6 14. Nf3 b4 15. Nd5 Bxd5 16. exd5 Qxe2+ 17. Kxe2 Ne7 18. Ra5 Nf5 19. Rg4 Bd6 20. d4 O-O 21. Kd3 Rfb8 22. Bd2 Rb5 23. Rxb5 axb5 24. Rg1 Kf8 25. Ne5 Rd8 26. c4 bxc3 27. bxc3 f6 28. Nf3 Ra8 29. c4 bxc4+ 30. bxc4 Ra3+ 31. Ke2 c5 32. dxc6 dxc6 33. Rb1 g5 34. h3 h5 35. Be3 g4 36. hxg4 hxg4 37. Nd2 g3 38. Ne4 Bc7 39. Rg1 Ra2+ 40. Kf3 g2 41. Nxf6 Nh4+ 42. Kg4 Bh2 43. Rb1 g1=Q+ 44. Rxg1 Bxg1 45. Kxh4 Bxf2+ 46. Bxf2 Rxf2 47. Kg5 Ke7 48. Ng4 Rf1 49. Ne3 Rf3 50. Nf5+ Kd7 51. Kf6 Rc3 52. c5 Rc1 53. Nd6 Re1 54. Kf5 Rh1 55. Ke5 Rh6 56. Nf5 Re6+ 57. Kf4 Re1 58. Ne3 Ke6 59. Ke4 Re2 60. Kd3 Rh2 61. Ke4 Rh4+ 62. Kd3 Rf4 63. Kc3 Rh4 64. Kd3 Rh8 65. Ke4 Rd8 66. Nc4 Kf6 67. Ne3 Re8+ 68. Kf4 Ke6 69. Ke4 Ra8 70. Ng4 Ra1 71. Ne3 Re1 72. Kf4 Re2 73. Ke4 Ra2 74. Ng4 Ra4 75. Ne5 Ra6 76. Ng4 Ra1 77. Ne3 Rc1 78. Ng4 Rh1 79. Ne3 Rh5 80. Kd3 Kf6 81. Ke4 Rh4+ 82. Kd3 Ke6 83. Kc3 Rh3 84. Kd3 Kf6 85. Ke4 Ke6 86. Kd3 Rh5 87. Ke4 1/2-1/2

[Event "Campeonato de Aragon por Equipos 2025 - "]
[Site "?"]
[Date "2025.03.29"]
[Round "10.5"]
[White "Cifuentes Parada, Roberto"]
[Black "Ruiz Fernandez, Daniel"]
[Result "1-0"]
[WhiteElo "2369"]
[BlackElo "2165"]
[PlyCount "87"]
[GameId "2166500348064472"]
[EventDate "2025.01.25"]
[WhiteTeam "Jaque - Aramovil"]
[BlackTeam "MyInvestor Casablanca B"]

1. d4 Nf6 2. Nf3 d5 3. c4 e6 4. e3 a6 5. Nbd2 c5 6. cxd5 exd5 7. dxc5 Bxc5 8. Be2 Nc6 9. O-O O-O 10. Nb3 Ba7 11. Nbd4 Ne4 12. Bd2 Qd6 13. Rc1 Re8 14. Bc3 Bb8 15. g3 Bh3 16. Re1 Ba7 17. Bf1 Bg4 18. Bg2 Nxc3 19. bxc3 Ne5 20. h3 Bh5 21. g4 Bg6 22. Nxe5 Rxe5 23. f4 Re7 24. f5 Rf8 25. fxg6 fxg6 26. Qb3 Qg3 27. Qxd5+ Kh8 28. Rf1 Qxe3+ 29. Kh1 Rfe8 30. Qf3 Qxf3 31. Bxf3 Re3 32. Kg2 h6 33. Bxb7 Rd8 34. Rc2 Bxd4 35. cxd4 Rxd4 36. Bxa6 Kh7 37. Bc4 h5 38. gxh5 gxh5 39. Rf3 Re1 40. Bd3+ g6 41. Rc6 Rd8 42. Bxg6+ Kh8 43. Bd3 Rd1 44. Rg3 1-0

[Event "Campeonato de Aragon por Equipos 2025 - "]
[Site "?"]
[Date "2025.03.29"]
[Round "10.6"]
[White "Conon, Catalin"]
[Black "Lana Rodriguez, David"]
[Result "0-1"]
[WhiteElo "2072"]
[BlackElo "2352"]
[PlyCount "148"]
[GameId "2166500348105433"]
[EventDate "2025.01.25"]
[WhiteTeam "MyInvestor Casablanca B"]
[BlackTeam "Jaque - Aramovil"]

1. e4 c5 2. Nf3 Nc6 3. Bb5 e6 4. O-O Nge7 5. c3 a6 6. Ba4 b5 7. Bc2 Bb7 8. Re1 d5 9. d4 cxd4 10. exd5 Nxd5 11. Nxd4 Nxd4 12. Qxd4 Qf6 13. Qxf6 gxf6 14. a4 Bd6 15. axb5 axb5 16. Rxa8+ Bxa8 17. Be4 Kd7 18. b3 f5 19. Bf3 Rc8 20. Bd2 Nf6 21. Bxa8 Rxa8 22. Be3 Ra2 23. g3 Kc6 24. Nd2 Nd5 25. Nf3 Nxc3 26. Rc1 b4 27. Bd4 Bc5 28. Bxc3 Bxf2+ 29. Kh1 bxc3 30. Rxc3+ Kd5 31. Ng5 Bd4 32. Rc7 Be3 33. Nxf7 Ke4 34. Rd7 Rb2 35. Rd1 Rxb3 36. Kg2 Rb2+ 37. Kh3 Bd2 38. Ra1 Kd5 39. Ra7 Be3 40. Rd7+ Ke4 41. Rd1 Bd2 42. Ra1 Rb6 43. Rd1 Bc3 44. Nd6+ Kf3 45. Nc4 Rb3 46. Rd6 e5 47. Rd3+ Ke4 48. Re3+ Kd4 49. Rxe5 Kxc4 50. Rxf5 Rb7 51. Kh4 Rg7 52. Kh5 Bd2 53. Kh4 Kd4 54. Rf2 Bg5+ 55. Kh3 Be3 56. Rf8 Ke4 57. Re8+ Kf3 58. Rf8+ Ke2 59. Re8 Rg6 60. Re7 h6 61. Re8 Ra6 62. Re7 Kf2 63. Rf7+ Kg1 64. Re7 Ra3 65. Rd7 Kh1 66. Rd1+ Bg1 67. Rd6 Ra2 68. Kg4 Rxh2 69. Rd1 Kg2 70. Rd2+ Bf2 71. Ra2 h5+ 72. Kf4 Rh3 73. Kg5 Kf3 74. Ra3+ Be3+ 0-1

[Event "Campeonato de Aragon por Equipos 2025 - "]
[Site "?"]
[Date "2025.03.29"]
[Round "10.7"]
[White "Escartin Lacasa, Jose"]
[Black "Felipo Martinez, Marcos"]
[Result "1-0"]
[WhiteElo "2296"]
[BlackElo "2010"]
[PlyCount "123"]
[GameId "2166500348142298"]
[EventDate "2025.01.25"]
[WhiteTeam "Jaque - Aramovil"]
[BlackTeam "MyInvestor Casablanca B"]

1. d4 Nf6 2. Nf3 d5 3. c4 e6 4. g3 Nc6 5. Bg2 Bd6 6. O-O O-O 7. b3 a5 8. Nc3 h6 9. Nb5 Bd7 10. Nd2 a4 11. e4 dxe4 12. bxa4 Na5 13. Nxe4 Nxe4 14. Bxe4 Nxc4 15. Bxb7 Ra5 16. Bf3 Nb6 17. Qb3 Rxa4 18. Nxd6 cxd6 19. Rb1 Nc4 20. d5 Qa5 21. Qb7 Bc8 22. Qe7 Qc5 23. Rb8 Ne5 24. Bh5 Ra7 25. Qxf8+ Kxf8 26. Be3 Qc7 27. Bxa7 Nd7 28. Rfb1 Nxb8 29. Bxb8 Qc5 30. Bf3 e5 31. a4 Ke7 32. Rb5 Qc1+ 33. Kg2 Ba6 34. Bxd6+ Kf6 35. Ba3 Qc4 36. Rb6+ Kf5 37. g4+ Kg5 38. h4+ Kxh4 39. Rxh6+ Kg5 40. Rc6 Qf1+ 41. Kg3 f6 42. Bc1+ Kg6 43. Be4+ Kf7 44. Bg2 Qd3+ 45. Be3 Ke8 46. Rc7 g6 47. Rc6 Ke7 48. g5 f5 49. Re6+ Kd7 50. Rxe5 Qc3 51. Re6 Be2 52. Rxg6 f4+ 53. Kxf4 Qc4+ 54. Be4 Ke8 55. Re6+ Kf8 56. g6 Qc7+ 57. d6 Qd7 58. Rf6+ Ke8 59. g7 Qg4+ 60. Ke5 Qxg7 61. Bc6+ Kd8 62. Bb6+ 1-0

[Event "Campeonato de Aragon por Equipos 2025 - "]
[Site "?"]
[Date "2025.03.29"]
[Round "10.8"]
[White "Jaime Galeano, Alcher"]
[Black "Torrente Gayarre, Lorenzo"]
[Result "1-0"]
[WhiteElo "1967"]
[BlackElo "1999"]
[PlyCount "113"]
[GameId "2166500348179163"]
[EventDate "2025.01.25"]
[WhiteTeam "MyInvestor Casablanca B"]
[BlackTeam "Jaque - Aramovil"]

1. e4 c6 2. d4 d5 3. exd5 cxd5 4. c4 Nf6 5. Nc3 e6 6. Nf3 Nc6 7. c5 Be7 8. Bb5 O-O 9. O-O Bd7 10. h3 Ne8 11. Bf4 Qc8 12. Re1 Bd8 13. Bxc6 bxc6 14. b4 Bc7 15. Bxc7 Nxc7 16. a4 Rb8 17. Na2 f6 18. Nd2 Qa6 19. Qc2 Be8 20. Re3 Qc8 21. f4 Bg6 22. Qb2 Qd7 23. Rb3 Rb7 24. Qc3 a6 25. Qe3 Bc2 26. Ra3 Rbb8 27. Qc3 Bg6 28. Re1 Rbe8 29. Qb2 Re7 30. Rae3 Rfe8 31. Nf3 Be4 32. Nd2 e5 33. fxe5 fxe5 34. Nxe4 exd4 35. Qxd4 dxe4 36. Qxd7 Rxd7 37. Rxe4 Rxe4 38. Rxe4 Rd3 39. Kf2 Ra3 40. Nc1 Rxa4 41. Nd3 Nd5 42. Re6 Nxb4 43. Nxb4 Rxb4 44. Rxc6 a5 45. Ra6 Rc4 46. Rxa5 Kf7 47. Ra7+ Kf6 48. Rc7 h5 49. c6 g6 50. Rc8 Ke7 51. c7 Kd7 52. Rg8 Kxc7 53. Rxg6 Kd7 54. Rg5 h4 55. Kf3 Ke6 56. Rg4 Rc3+ 57. Kf2 {ilegible} 1-0

[Event "Campeonato de Aragon por Equipos 2025 - "]
[Site "?"]
[Date "2025.03.29"]
[Round "10.11"]
[White "Iravedra Ainkov, Francisco"]
[Black "Miranda Herrera, Miguel"]
[Result "1/2-1/2"]
[WhiteElo "1963"]
[BlackElo "2160"]
[PlyCount "101"]
[GameId "2166500348433118"]
[EventDate "2025.01.25"]
[WhiteTeam "Aulazenter"]
[BlackTeam "El Olivar"]

1. e4 c5 2. c3 Nf6 3. e5 Nd5 4. Nf3 d6 5. d4 cxd4 6. cxd4 e6 7. Bc4 Be7 8. O-O O-O 9. Qe2 b6 10. Rd1 Bb7 11. a3 Nc6 12. Bxd5 exd5 13. e6 Na5 14. Nc3 f5 15. Rb1 Rc8 16. Bd2 Qe8 17. Ng5 Bxg5 18. Bxg5 Qg6 19. Bf4 Rce8 20. Re1 Rf6 21. e7 Qf7 22. Nb5 Ba6 23. Nxd6 Bxe2 24. Nxf7 Bd3 25. Rbd1 Rxf7 26. Rxd3 Rfxe7 27. Rxe7 Rxe7 28. Kf1 Nc4 29. Bc1 Re6 30. f3 h6 31. Kf2 g5 32. Rc3 Rc6 33. Ke2 Kf7 34. b3 Na5 35. Rxc6 Nxc6 36. Kd3 Nd8 37. h4 Ne6 38. hxg5 hxg5 39. g3 f4 40. g4 Ke7 41. Bd2 Kd7 42. Bb4 a5 43. Bd2 Kc6 44. Bc3 Kb5 45. a4+ Ka6 46. b4 axb4 47. Bxb4 b5 48. axb5+ Kxb5 49. Be7 Ka4 50. Kc3 Kb5 51. Kd3 1/2-1/2

[Event "Campeonato de Aragon por Equipos 2025 - "]
[Site "?"]
[Date "2025.03.29"]
[Round "10.12"]
[White "Jaso Escudero, Julen"]
[Black "Osuna Smyshlyayev, Ivan"]
[Result "1/2-1/2"]
[WhiteElo "1925"]
[BlackElo "1847"]
[PlyCount "78"]
[GameId "2166500348474079"]
[EventDate "2025.01.25"]
[WhiteTeam "El Olivar"]
[BlackTeam "Aulazenter"]

1. d4 d5 2. c4 e6 3. Nc3 Nf6 4. cxd5 exd5 5. Bg5 Be7 6. e3 O-O 7. Qc2 c6 8. Bd3 h6 9. Bh4 Re8 10. Nge2 Nbd7 11. O-O Ne4 12. Bxe7 Qxe7 13. Rae1 Ndf6 14. Ng3 Bd7 15. Ncxe4 Nxe4 16. Nxe4 dxe4 17. Bc4 Be6 18. f3 Bd5 19. fxe4 Qxe4 20. Bd3 Qe6 21. b3 Be4 22. Rf4 Bxd3 23. Qxd3 Rad8 24. Qc4 Qxc4 25. bxc4 g5 26. Rff1 Re4 27. Rb1 b6 28. Rfe1 Rde8 29. Kf2 f5 30. g3 Kg7 31. Rbc1 Rd8 32. Red1 f4 33. gxf4 gxf4 34. exf4 Rexd4 35. Rxd4 Rxd4 36. Ke3 c5 37. a4 a5 38. Rc2 Kf6 39. Rb2 Rd6 1/2-1/2

[Event "Campeonato de Aragon por Equipos 2025 - "]
[Site "?"]
[Date "2025.03.29"]
[Round "10.17"]
[White "Naya Sancho, Jose Ignacio"]
[Black "Llorente Zaro, Alfonso"]
[Result "1/2-1/2"]
[WhiteElo "2076"]
[BlackElo "2444"]
[PlyCount "35"]
[GameId "2166500348695268"]
[EventDate "2025.01.25"]
[WhiteTeam "Maristas"]
[BlackTeam "Agrupacion"]

1. d4 Nf6 2. Nf3 d6 3. Nbd2 g6 4. e4 Bg7 5. Bd3 O-O 6. O-O Nc6 7. c3 Nd7 8. Re1 e5 9. Nb3 a5 10. a4 exd4 11. cxd4 Nb4 12. Bf1 d5 13. e5 b6 14. Bg5 Qe8 15. Rc1 c6 16. Qd2 Qe6 17. h3 Re8 18. Bf6 1/2-1/2

[Event "Campeonato de Aragon por Equipos 2025 - "]
[Site "?"]
[Date "2025.03.29"]
[Round "10.18"]
[White "Barros Gutierrez, Angel Luis"]
[Black "Campo Millan, Diego"]
[Result "1-0"]
[WhiteElo "1970"]
[BlackElo "2060"]
[PlyCount "107"]
[GameId "2166500348740325"]
[EventDate "2025.01.25"]
[WhiteTeam "Agrupacion"]
[BlackTeam "Maristas"]

1. d4 Nf6 2. c4 b6 3. Nc3 Bb7 4. f3 d5 5. cxd5 Nxd5 6. e4 Nxc3 7. bxc3 e5 8. Bb5+ c6 9. Bc4 b5 10. Bb3 Nd7 11. Ne2 c5 12. Be3 Bd6 13. O-O O-O 14. Qd2 exd4 15. cxd4 c4 16. Bc2 a5 17. Ng3 Bxg3 18. hxg3 b4 19. d5 Ba6 20. Qd4 Qf6 21. Ba4 Qxd4 22. Bxd4 Rfd8 23. Rfd1 Rab8 24. Rab1 Bb5 25. Bxb5 Rxb5 26. Rdc1 Rc8 27. Kf1 Kf8 28. Ke2 Rbb8 29. Kd2 Nb6 30. Bxb6 Rxb6 31. Ke3 Ke7 32. Kd4 c3 33. e5 Rb5 34. f4 Rcc5 35. d6+ Kd7 36. Re1 g6 37. g4 a4 38. Rxb4 Rd5+ 39. Kxc3 Rxb4 40. Kxb4 Rd4+ 41. Kc5 Rxf4 42. Rb1 Rf2 43. Rb7+ Kd8 44. Ra7 h5 45. gxh5 gxh5 46. g3 Re2 47. Kc6 Rc2+ 48. Kd5 Rd2+ 49. Ke4 Re2+ 50. Kf4 f6 51. exf6 Rxa2 52. f7 Rf2+ 53. Ke3 Rf6 54. Ra8+ 1-0

[Event "Campeonato de Aragon por Equipos 2025 - "]
[Site "?"]
[Date "2025.03.29"]
[Round "10.19"]
[White "Mccarthy, Jai"]
[Black "Mimbela Lopez, Luis"]
[Result "0-1"]
[WhiteElo "1847"]
[BlackElo "1942"]
[PlyCount "84"]
[GameId "2166500348830438"]
[EventDate "2025.01.25"]
[WhiteTeam "Maristas"]
[BlackTeam "Agrupacion"]

1. c4 Nf6 2. g3 g6 3. Bg2 Bg7 4. Nc3 O-O 5. d3 d6 6. e4 c5 7. Nge2 Nc6 8. O-O a6 9. Bg5 h6 10. Bd2 Rb8 11. Qc1 Kh7 12. a3 b5 13. Rb1 b4 14. Nd5 e6 15. Nxf6+ Qxf6 16. Be3 Bd7 17. Rd1 bxa3 18. bxa3 Rxb1 19. Qxb1 Rb8 20. Qc1 Qb2 21. Kf1 Qxc1 22. Bxc1 Nd4 23. Bf4 Rb2 24. Nc1 Ba4 25. Re1 Nc2 26. Re2 Rb1 27. e5 Bxe5 28. Bd2 Bb2 29. Be4 Bxc1 30. Kg2 Bxd2 31. Rxd2 Nd4 32. g4 Bc6 33. h4 Bxe4+ 34. dxe4 Rb3 35. h5 a5 36. hxg6+ fxg6 37. f4 a4 38. f5 gxf5 39. gxf5 exf5 40. exf5 Nxf5 41. Kf2 Rxa3 42. Rd5 Kg6 0-1

[Event "Campeonato de Aragon por Equipos 2025 - "]
[Site "?"]
[Date "2025.03.29"]
[Round "10.20"]
[White "Ciriano Lamban, Alejandro"]
[Black "Lopez Caudevilla, David"]
[Result "1/2-1/2"]
[WhiteElo "2014"]
[BlackElo "2186"]
[PlyCount "25"]
[GameId "2166500348871399"]
[EventDate "2025.01.25"]
[WhiteTeam "Marcos Frechin B"]
[BlackTeam "Actur Rey Fernando"]

1. d4 g6 2. c4 Bg7 3. Nc3 d6 4. e4 Nf6 5. Be2 Nbd7 6. Nf3 e5 7. O-O O-O 8. Be3 Re8 9. d5 a5 10. Qc2 Ng4 11. Bg5 Bf6 12. Bd2 Be7 13. Ne1 1/2-1/2

[Event "Campeonato de Aragon por Equipos 2025 - "]
[Site "?"]
[Date "2025.03.29"]
[Round "10.21"]
[White "Perez Puyal, Jose Joaquin"]
[Black "Jario Garcia, Ricardo"]
[Result "1-0"]
[WhiteElo "1901"]
[BlackElo "1996"]
[PlyCount "105"]
[GameId "2166500348908264"]
[EventDate "2025.01.25"]
[WhiteTeam "Actur Rey Fernando"]
[BlackTeam "Marcos Frechin B"]

1. d4 d5 2. Nf3 Nf6 3. e3 c5 4. dxc5 Qa5+ 5. Bd2 Qxc5 6. b4 Qc7 7. Bb5+ Bd7 8. Bxd7+ Nbxd7 9. O-O g6 10. Na3 a6 11. Rc1 b5 12. c3 Ne4 13. Be1 Nb6 14. Nd4 Bg7 15. f3 Nd6 16. Qd3 O-O 17. Nb3 Ndc4 18. Nc2 Rfd8 19. Nc5 Nd7 20. Qxd5 Nxc5 21. Qxc5 Qxc5 22. bxc5 Rac8 23. e4 Bh6 24. f4 Nd2 25. Bxd2 Rxd2 26. Nb4 Rxc5 27. Nd5 e6 28. Nf6+ Kg7 29. e5 Rxa2 30. g4 g5 31. h4 gxh4 32. g5 Bxg5 33. fxg5 Rxe5 34. Nh5+ Kf8 35. Nf4 Rxg5+ 36. Kh1 Ke7 37. Rg1 Rf5 38. Rgf1 Rc5 39. Nd3 Rc4 40. Rf2 Rxf2 41. Nxf2 Rc5 42. Nd3 Rc4 43. Ne5 Rc7 44. Ra1 Rxc3 45. Rxa6 f5 46. Rb6 Rc5 47. Nd3 Rd5 48. Nf4 Re5 49. Nd3 Re3 50. Nf4 Re4 51. Nd3 Re3 52. Nf4 Kf6 53. Nd5+ 1-0

[Event "Campeonato de Aragon por Equipos 2025 - "]
[Site "?"]
[Date "2025.03.29"]
[Round "10.22"]
[White "Sanz Pueyo, Adrian"]
[Black "Aviol Perez, Jose Mariano"]
[Result "1-0"]
[WhiteElo "2009"]
[BlackElo "1884"]
[PlyCount "37"]
[GameId "2166500348949225"]
[EventDate "2025.01.25"]
[WhiteTeam "Marcos Frechin B"]
[BlackTeam "Actur Rey Fernando"]

1. e4 d6 2. d4 Nf6 3. Nc3 g6 4. f4 Bg7 5. Nf3 O-O 6. Be2 Na6 7. e5 Nd7 8. Ne4 f5 9. Bc4+ Kh8 10. Neg5 Nb6 11. Nf7+ Rxf7 12. Bxf7 e6 13. Ng5 Qe7 14. h4 Bh6 15. h5 Bxg5 16. hxg6 Bh4+ 17. Kf1 hxg6 18. Bxg6 Kg8 19. Qh5 1-0

[Event "Cto por equipos de Aragon- Play-offs 394"]
[Site "ZARAGOZA (Agrupacion Artístic"]
[Date "2025.03.29"]
[Round "10.23"]
[White "Malo Guillen, Jose Luis"]
[Black "Salamero Pelay, Fernando"]
[Result "1/2-1/2"]
[WhiteElo "2093"]
[BlackElo "2069"]
[PlyCount "113"]
[GameId "2166500348990186"]
[EventDate "2025.03.29"]
[WhiteTeam "Las Fuentes"]
[BlackTeam "Atletismo Huesca"]

1. d4 g6 2. c4 Bg7 3. Nf3 c5 4. d5 d6 5. e4 Nf6 6. Nc3 O-O 7. h3 e6 8. Bd3 exd5 9. cxd5 b5 10. Nxb5 Re8 11. O-O Nxe4 12. Re1 Nf6 13. Bg5 Rxe1+ 14. Qxe1 Bb7 15. Bc4 a6 16. Nc3 Nbd7 17. Qd2 Nb6 18. Bb3 Qd7 19. Re1 Re8 20. Rxe8+ Qxe8 21. Qf4 Nfxd5 22. Nxd5 Nxd5 23. Qxd6 h6 24. Bd2 Qc6 25. Qb8+ Kh7 26. Bc3 Nxc3 27. bxc3 c4 28. Ba4 Qe4 29. Qc7 Qb1+ 30. Kh2 Bxf3 31. Qxf7 Qxa2 32. Be8 Be4 33. Qe6 Qc2 34. Bf7 Qxc3 35. Qxe4 Qe5+ 36. Qxe5 Bxe5+ 37. Kg1 c3 38. Bb3 Kg7 39. Kf1 Kf6 40. Ke2 Ke7 41. Kd3 Kd6 42. Kc4 Kc6 43. Bc2 g5 44. Ba4+ Kb6 45. Kb4 Bd4 46. f3 Kc7 47. Kc4 Bf6 48. Kd5 Kb6 49. Kc4 a5 50. Bc2 Kc6 51. Be4+ Kd6 52. Kb5 Ke5 53. Kxa5 Kf4 54. g4 c2 55. Bxc2 Kxf3 56. Bg6 Kg3 57. Bh5 1/2-1/2

[Event "Cto por equipos de Aragon- Play-offs 394"]
[Site "ZARAGOZA (Agrupacion Artístic"]
[Date "2025.03.29"]
[Round "10.24"]
[White "Bellosta Lopez, Pablo"]
[Black "Alonso Blasco, Jose Miguel"]
[Result "1-0"]
[WhiteElo "1995"]
[BlackElo "1913"]
[PlyCount "51"]
[GameId "2166500349031147"]
[EventDate "2025.03.29"]
[WhiteTeam "Atletismo Huesca"]
[BlackTeam "Las Fuentes"]

1. e4 c6 2. Bc4 d5 3. Bb3 dxe4 4. Qh5 g6 5. Qh4 Nf6 6. Nc3 Bg7 7. f3 exf3 8. Nxf3 O-O 9. d4 Qa5 10. O-O Qh5 11. Qg3 Qg4 12. Qf2 Be6 13. h3 Qf5 14. g4 Qa5 15. Bxe6 fxe6 16. Qh4 Nd5 17. Bh6 Nxc3 18. bxc3 Qxc3 19. Kg2 Na6 20. Bxg7 Kxg7 21. Ng5 Qxc2+ 22. Kg1 Rxf1+ 23. Rxf1 h5 24. Nxe6+ Kh8 25. Qxe7 Rg8 26. Ng5 1-0